The magnificent builders and their dream houses / (Record no. 18535)

000 -LEADER
fixed length control field 00984cam a2200265 i 4500
001 - CONTROL NUMBER
control field 2264495
005 - DATE AND TIME OF LATEST TRANSACTION
control field 20161221161204.0
008 - FIXED-LENGTH DATA ELEMENTS--GENERAL INFORMATION
fixed length control field 780606s1978 nyua 001 0deng
010 ## - LIBRARY OF CONGRESS CONTROL NUMBER
LC control number 78018371
020 ## - INTERNATIONAL STANDARD BOOK NUMBER
International Standard Book Number 0828130647 :
Terms of availability $34.95.
International Standard Book Number 0828130728
Terms of availability $39.95
040 ## - CATALOGING SOURCE
Original cataloging agency DLC
Transcribing agency DLC
Modifying agency DLC
050 00 - LIBRARY OF CONGRESS CALL NUMBER
Classification number NA7120
Item number .T46
100 1# - MAIN ENTRY--PERSONAL NAME
Personal name Thorndike, Joseph Jacobs,
Dates associated with a name 1913-
245 14 - TITLE STATEMENT
Title The magnificent builders and their dream houses /
Statement of responsibility, etc. by Joseph J. Thorndike Jr. and the editors of American Heritage.
260 ## - PUBLICATION, DISTRIBUTION, ETC. (IMPRINT)
Place of publication, distribution, etc. New York :
Name of publisher, distributor, etc. American Heritage Pub. Co. : book trade distribution by Simon and Schuster,
Date of publication, distribution, etc. c1978.
300 ## - PHYSICAL DESCRIPTION
Extent 352 p. :
Other physical details ill. (some col.) ;
Dimensions 29 cm.
500 ## - GENERAL NOTE
General note Includes index.
650 #0 - SUBJECT ADDED ENTRY--TOPICAL TERM
Topical term or geographic name as entry element Architecture, Domestic.
650 #0 - SUBJECT ADDED ENTRY--TOPICAL TERM
Topical term or geographic name as entry element Biography.
730 ## - ADDED ENTRY--UNIFORM TITLE
Uniform title American heritage.
942 ## - ADDED ENTRY ELEMENTS (KOHA)
Source of classification or shelving scheme
Koha item type Hard Covered Materials
Classification part NA7120 .T46 1978
Holdings
Withdrawn status Lost status Source of classification or shelving scheme Damaged status Not for loan Home library Current library Shelving location Date acquired Source of acquisition Total Checkouts Full call number Barcode Date last seen Price effective from Koha item type
          MACHAKOS UNIVERSITY LIBRARY MACHAKOS UNIVERSITY LIBRARY Technical section 21/12/2016 Donation (BFA)   NA7120 .T46 1978 28468 18/07/2018 21/12/2016 Hard Covered Materials
© Machakos University Library, Along The Highway, Machakos Wote Rd, Machakos, Kenya P.O. Box 136 - 90100 Machakos - Kenya

Tel: ( +254 ) 723 805829 OR Fax : 044-20353 OR Email: library@mksu.ac.ke